[Event "Elit(Malmo-Farsta)"]
[Site "?"]
[Date "2017.10.22"]
[Round "3"]
[White "Hjelm, Niclas"]
[Black "Semcesen, Daniel"]
[Result "0-1"]
[WhiteElo "2358"]
[BlackElo "2482"]
[PlyCount "84"]
[SourceDate "2017.10.31"]
1. d4 f5 2. Nf3 Nf6 3. Bg5 e6 4. e3 Be7 5. Bd3 O-O 6. O-O b6 7. c4 Bb7 8. Nc3
h6 9. Bxf6 Bxf6 10. e4 g6 11. Rc1 Bg7 12. Re1 Nc6 13. Bb1 Qf6 14. exf5 Nxd4 15.
Nxd4 Qxd4 16. Qxd4 Bxd4 17. Rcd1 Bxc3 18. bxc3 gxf5 19. Rxd7 Rf7 20. Rd2 Re8
21. f4 Kf8 22. Red1 Bc6 23. Bc2 Rg7 24. g3 h5 25. Kf2 h4 26. Bb3 Kf7 27. Rd8
Ke7 28. Rxe8+ Bxe8 29. Rd2 hxg3+ 30. hxg3 Rh7 31. Re2 Bc6 32. c5 Be4 33. cxb6
axb6 34. Rd2 Rh1 35. Ke3 Rg1 36. Kf2 Rg2+ 37. Ke3 Rxg3+ 38. Kd4 c5+ 39. Kc4 Bc6
40. Rf2 Kd6 41. Rd2+ Kc7 42. Rf2 Bd5+ 0-1

[Event "Elit(Kungstornet-LASK)"]
[Site "?"]
[Date "2017.10.22"]
[Round "3"]
[White "Cuenca Jimenez, Jose"]
[Black "Aronsson, Marten"]
[Result "1-0"]
[WhiteElo "2490"]
[BlackElo "2328"]
[PlyCount "107"]
1. c4 c5 2. Nf3 Nc6 3. d4 cxd4 4. Nxd4 Nf6 5. Nc3 g6 6. e4 d6 7. Be2 Bg7 8. Be3
O-O 9. O-O Nxd4 10. Bxd4 Be6 11. Qd3 Nd7 12. Bxg7 Kxg7 13. b3 Qa5 14. f4 f5 15.
Bf3 Qb6+ 16. Kh1 Nf6 17. Nd5 Bxd5 18. exd5 Rfe8 19. Rae1 a5 20. Re3 a4 21. Rfe1
axb3 22. axb3 Kf8 23. h3 Ra2 24. g4 fxg4 25. hxg4 Qa5 26. g5 Ra1 27. b4 Rxe1+
28. Rxe1 Qxb4 29. Rb1 Qa5 30. gxf6 exf6 31. Kg2 Re7 32. Qd4 Kf7 33. Bg4 f5 34.
Bf3 Qa2+ 35. Rb2 Qa1 36. c5 Qa7 37. Rc2 dxc5 38. Qc4 b5 39. Qxb5 Qc7 40. Qc4
Qd6 41. Ra2 g5 42. fxg5 Kg7 43. Qa6 Qg6 44. Qxg6+ Kxg6 45. d6 Rd7 46. Rd2 c4
47. Bd1 c3 48. Rd3 Kxg5 49. Ba4 c2 50. Bxc2 Rd8 51. d7 Kf6 52. Ba4 f4 53. Kf3
Ke7 54. Rd4 1-0

[Event "Elit(Malmo-Farsta)"]
[Site "?"]
[Date "2017.10.22"]
[Round "3"]
[White "Bejtovic, Jasmin"]
[Black "Namini, Armin"]
[Result "1/2-1/2"]
[WhiteElo "2358"]
[BlackElo "2173"]
[PlyCount "99"]
1. c4 g6 2. g3 Bg7 3. Bg2 Nf6 4. Nc3 O-O 5. e4 d6 6. Nge2 c5 7. O-O Nc6 8. d3
a6 9. h3 Rb8 10. a4 Ne8 11. Be3 Nc7 12. d4 cxd4 13. Nxd4 Ne6 14. Nde2 Nc5 15.
b3 Qa5 16. Bd2 Qd8 17. Kh2 Bd7 18. Rb1 Nb4 19. a5 b6 20. axb6 Qxb6 21. Be3 Rfc8
22. f4 Qd8 23. f5 a5 24. Bd4 Ncd3 25. Bxg7 Kxg7 26. Nf4 Nxf4 27. Rxf4 f6 28. h4
a4 29. Nxa4 Bxa4 30. bxa4 Nc6 31. Rxb8 Rxb8 32. fxg6 hxg6 33. e5 Nxe5 34. c5
Rb2 35. cxd6 Qa8 36. Qf1 Nd3 37. Rf3 Ne1 38. Rf2 Rxf2 39. Qxf2 Nxg2 40. d7 Nxh4
41. gxh4 Qd5 42. Qa7 Qd2+ 43. Kh3 Qd3+ 44. Kg2 Qd2+ 45. Kg1 Qd1+ 46. Kf2 Qd2+
47. Kf1 Qd1+ 48. Kg2 Qd2+ 49. Kf1 Qd1+ 50. Kg2 1/2-1/2

[Event "Elit(Malmo-Farsta)"]
[Site "?"]
[Date "2017.10.22"]
[Round "3"]
[White "Johansson, Thomas"]
[Black "Jaderberg, Bjorn"]
[Result "1/2-1/2"]
[WhiteElo "2177"]
[BlackElo "2151"]
[PlyCount "147"]
1. Nf3 e6 2. g3 f5 3. Bg2 Nf6 4. d3 d5 5. O-O Bd6 6. c4 c6 7. Qb3 Qb6 8. Qxb6
axb6 9. Be3 Nbd7 10. Nd4 Ne5 11. cxd5 exd5 12. Nc3 Bd7 13. Nb3 Ra6 14. Rfd1 Kf7
15. Bg5 Bb4 16. a3 Bxc3 17. bxc3 Rha8 18. Bf4 Ng6 19. Bc1 Re8 20. Kf1 Ra4 21.
Bb2 f4 22. Nd2 Ng4 23. Nf3 h6 24. Rd2 N6e5 25. Nxe5+ Nxe5 26. Rb1 Bf5 27. Rc1
b5 28. Kg1 g5 29. Rf1 h5 30. Bc1 h4 31. Rb2 Kf6 32. Rb4 f3 33. Bxf3 Nxf3+ 34.
exf3 Bxd3 35. Rd1 Bc2 36. Rf1 h3 37. Rg4 Rxg4 38. fxg4 Re2 39. Be3 Be4 40. Bd4+
Kg6 41. f3 Bd3 42. Kh1 Ra2 43. Re1 Be2 44. Kg1 Kf7 45. Kf2 Bc4+ 46. Kg1 Rxa3
47. Re7+ Kf8 48. Bc5 Rb3 49. Rh7+ Kg8 50. Rxh3 Rxc3 51. Rh5 Rxf3 52. Rxg5+ Kf7
53. Rf5+ Rxf5 54. gxf5 b6 55. Bxb6 b4 56. Kf2 b3 57. Bd4 c5 58. Bb2 d4 59. g4
Bd5 60. g5 Be4 61. f6 Ke6 62. Ke2 Bg6 63. Kd2 Kf5 64. Ba3 c4 65. Bb2 Ke4 66. h4
Kd5 67. Ba1 Bf7 68. Bb2 Ke5 69. Ba1 c3+ 70. Bxc3 dxc3+ 71. Kxc3 Kf5 72. Kb2 Kg6
73. Kc3 Kh5 74. Kb2 1/2-1/2

[Event "Elit(Eksjo-Team Viking)"]
[Site "?"]
[Date "2017.10.22"]
[Round "3"]
[White "Berg, Emanuel"]
[Black "Gdanski, Jacek"]
[Result "1-0"]
[WhiteElo "2559"]
[BlackElo "2474"]
[PlyCount "63"]
1. e4 e6 2. d4 d5 3. Nc3 Bb4 4. e5 Ne7 5. a3 Bxc3+ 6. bxc3 c5 7. Qg4 Qc7 8.
Qxg7 Rg8 9. Qxh7 cxd4 10. Ne2 dxc3 11. h4 Nbc6 12. Bg5 Qxe5 13. f4 Qe3 14. Rd1
e5 15. Qd3 Qxd3 16. Rxd3 e4 17. Rxc3 d4 18. Rb3 Be6 19. Rxb7 d3 20. cxd3 exd3
21. Nc3 Rxg5 22. hxg5 O-O-O 23. Rb2 Bf5 24. Rd2 Ng6 25. g3 Na5 26. Kf2 Nc4 27.
Rd1 Nxa3 28. Ra1 Nc4 29. Rxa7 Rd7 30. Rxd7 Kxd7 31. Bxd3 Bxd3 32. Rd1 1-0

[Event "Elit(Limhamn-Upsala)"]
[Site "?"]
[Date "2017.10.22"]
[Round "3"]
[White "Johansson, Thomas"]
[Black "Johansson, Linus"]
[Result "0-1"]
[WhiteElo "2221"]
[BlackElo "2468"]
[PlyCount "124"]
1. d4 Nf6 2. c4 e6 3. Nf3 b6 4. g3 Bb7 5. Bg2 Be7 6. O-O O-O 7. Re1 Na6 8. Nc3
Bb4 9. Bd2 c5 10. d5 d6 11. e4 e5 12. a3 Ba5 13. Rb1 Bc8 14. Nh4 Rb8 15. Bf1
Bd7 16. Qc2 Ne8 17. b3 g6 18. Bd3 Nec7 19. Rb2 b5 20. Nb1 Na8 21. Re2 bxc4 22.
Bxc4 Bxd2 23. Nxd2 N6c7 24. a4 Ne8 25. Nf1 Ng7 26. f3 Nc7 27. Qd2 Qe7 28. Rc2
Bc8 29. Rc3 Na6 30. Qc1 Nb4 31. Qh6 Rb7 32. f4 f6 33. Rf2 exf4 34. gxf4 Qxe4
35. Re3 Qb1 36. Kg2 Nc2 37. Rg3 Nd4 38. Bd3 Qxb3 39. Be4 Qxg3+ 40. Nxg3 f5 41.
Bd3 Rb3 42. Bc4 Rc3 43. Ba2 Bb7 44. Nf3 Nxf3 45. Rxf3 Rc2+ 46. Rf2 Rxa2 47.
Rxa2 Bxd5+ 48. Kf2 Bxa2 49. h4 Bf7 50. h5 Ne6 51. hxg6 hxg6 52. Ne2 Rb8 53. Nc3
Rb2+ 54. Ke1 Nf8 55. Nb5 d5 56. Nd6 Rb6 57. Nc8 Re6+ 58. Kd2 d4 59. Nxa7 c4 60.
Nb5 Re3 61. Qh4 c3+ 62. Kc1 Rd3 0-1

[Event "Elit(Stockholms SS-Rockaden,Sthlm)"]
[Site "?"]
[Date "2017.10.22"]
[Round "3"]
[White "Neiksans, Arturs"]
[Black "Ertan, Can"]
[Result "1-0"]
[WhiteElo "2584"]
[BlackElo "2373"]
[PlyCount "145"]
1. d4 Nf6 2. c4 e6 3. Nf3 b6 4. g3 Ba6 5. b3 Bb4+ 6. Bd2 Be7 7. Bg2 d5 8. cxd5
exd5 9. O-O Nbd7 10. Nc3 c6 11. Qc2 O-O 12. Rfd1 Rc8 13. a3 Re8 14. Bf4 Nh5 15.
Bc1 Nhf6 16. Bb2 Rc7 17. Rac1 Bd6 18. e3 Nf8 19. Ne5 Bb7 20. b4 Qa8 21. Qb3
Rcc8 22. b5 c5 23. dxc5 Bxe5 24. c6 Bxc6 25. bxc6 Qxc6 26. Nb5 Qa8 27. Rxc8
Qxc8 28. Nxa7 Qc4 29. Qxc4 dxc4 30. Bxe5 Rxe5 31. Nc6 Rb5 32. Ne7+ Kh8 33. Bc6
Re5 34. Rd8 g6 35. Rxf8+ Kg7 36. Rc8 Rxe7 37. Bb5 Ne4 38. Bxc4 Nd6 39. Rc6 Nxc4
40. Rxc4 b5 41. Rb4 Ra7 42. Rb3 h5 43. Kf1 Kf6 44. Ke2 Ke6 45. Kd2 Kd6 46. Kc2
Ra4 47. Rd3+ Ke6 48. Kb3 h4 49. Rd4 hxg3 50. hxg3 Ra8 51. Rd3 Ra4 52. Rc3 Kd6
53. Rc8 g5 54. Rb8 Ra5 55. Rb6+ Ke5 56. g4 f5 57. Rg6 Ke4 58. Rxg5 f4 59. Rg8
fxe3 60. Re8+ Kf3 61. Rxe3+ Kxf2 62. Rc3 Ke2 63. g5 Ra8 64. Rc5 Kd3 65. Rxb5
Rg8 66. a4 Kd4 67. a5 Rg6 68. Kb4 Rc6 69. Rf5 Rg6 70. Kb5 Ke4 71. Rc5 Kd4 72.
a6 Rg8 73. a7 1-0

[Event "Elit(Eksjo-Team Viking)"]
[Site "?"]
[Date "2017.10.22"]
[Round "3"]
[White "Rasmussen, Allan Stig"]
[Black "Goganov, Aleksey"]
[Result "0-1"]
[WhiteElo "2542"]
[BlackElo "2567"]
[PlyCount "100"]
1. c4 c6 2. Nf3 d5 3. e3 Nf6 4. Nc3 e6 5. b3 Bd6 6. Bb2 O-O 7. Be2 Nbd7 8. Qc2
Qe7 9. h3 a6 10. g4 b5 11. g5 Ne8 12. h4 Bb7 13. h5 e5 14. Nh4 Qxg5 15. O-O-O
bxc4 16. Rdg1 Qd8 17. Nf5 cxb3 18. axb3 Kh8 19. f4 Bc7 20. Rg5 Rg8 21. Rhg1 Nc5
22. h6 g6 23. fxe5 Ne6 24. R5g2 Bxe5 25. Nxd5 Qxd5 26. Bc4 Qa5 27. b4 Qc7 28.
Bxe6 fxe6 29. Ne7 Nf6 30. Nxg8 Nxg8 31. Rg5 Bf6 32. Rf1 Qe7 33. Rg4 e5 34. Qc5
Qxc5+ 35. bxc5 Bc8 36. Re4 Bf5 37. Rb4 e4 38. Rb7 Bxb2+ 39. Kxb2 Be6 40. Kc3
Nxh6 41. Rh1 Nf7 42. Re7 Bd5 43. d3 Ng5 44. Rg1 h6 45. dxe4 Nxe4+ 46. Kd4 Ng5
47. Rb1 a5 48. Rbb7 h5 49. Ke5 Rf8 50. e4 Bxe4 0-1

[Event "Elit(Limhamn-Upsala)"]
[Site "?"]
[Date "2017.10.22"]
[Round "3"]
[White "Jepson, Christian"]
[Black "Burwick, Malte"]
[Result "0-1"]
[WhiteElo "2417"]
[BlackElo "2236"]
[PlyCount "132"]
1. c4 Nf6 2. Nc3 g6 3. e4 d6 4. d4 Bg7 5. Nf3 O-O 6. Be2 e5 7. d5 a5 8. Bg5 h6
9. Be3 Ng4 10. Bd2 f5 11. h3 Nf6 12. exf5 gxf5 13. Qc1 Kh7 14. g4 Na6 15. g5
hxg5 16. Nxg5+ Kh8 17. Qc2 c6 18. O-O-O Nb4 19. Qb3 Qc7 20. Kb1 Bd7 21. Rhg1
Rae8 22. Bc1 Na6 23. Qc2 Nc5 24. Rg2 b5 25. Rdg1 Re7 26. Qd2 b4 27. Nd1 cxd5
28. cxd5 Nce4 29. Nxe4 Nxe4 30. Qc2 Qxc2+ 31. Kxc2 f4 32. Bg4 Nf6 33. Bxd7 Rxd7
34. Bd2 Nxd5 35. f3 Rc8+ 36. Kd3 Nf6 37. Rg5 Rc5 38. Nf2 Rd5+ 39. Ke2 Rc7 40.
Nd3 Kh7 41. Nf2 Bh6 42. Rf5 Rc2 43. Nd3 Bg7 44. Rfg5 Bh8 45. h4 Rd4 46. Kd1 Rc7
47. Nf2 Bg7 48. Ng4 Nxg4 49. R1xg4 Bh6 50. Rf5 e4 51. fxe4 f3 52. Rgg5 Bxg5 53.
hxg5 Rxe4 54. Rxf3 Rd4 55. a3 Rc5 56. axb4 axb4 57. Rg3 Kg6 58. Rg2 b3 59. Ke1
Rc2 60. Rf2 Re4+ 61. Kd1 Rxb2 62. Rf6+ Kh5 63. Rh6+ Kg4 64. Bc3 Rc2 65. Bf6 Rf4
66. Rh1 Kf5 0-1

[Event "Elit(Stockholms SS-Rockaden,Sthlm)"]
[Site "?"]
[Date "2017.10.22"]
[Round "3"]
[White "Lokander, Martin"]
[Black "Barkhagen, Jonas"]
[Result "1/2-1/2"]
[WhiteElo "2366"]
[BlackElo "2421"]
[PlyCount "60"]
1. Nf3 Nf6 2. c4 b6 3. g3 c5 4. Bg2 Bb7 5. O-O g6 6. b3 Bg7 7. Bb2 O-O 8. Nc3
Nc6 9. d4 Nxd4 10. Nxd4 Bxg2 11. Kxg2 cxd4 12. Qxd4 Ne8 13. Qd2 Nc7 14. Rfd1 d6
15. Nd5 Bxb2 16. Qxb2 Nxd5 17. Rxd5 Rc8 18. h4 h5 19. a4 Rc5 20. Qd2 Rxd5 21.
cxd5 Qd7 22. Rc1 Rc8 23. e4 Rc7 24. Rxc7 Qxc7 25. Qd3 Qc1 26. Qc4 Qe1 27. Kf3
Qd1+ 28. Kg2 Qe1 29. Kf3 Qd1+ 30. Kg2 Qe1 1/2-1/2

[Event "Elit(Eksjo-Team Viking)"]
[Site "?"]
[Date "2017.10.22"]
[Round "3"]
[White "Agrest, Evgenij"]
[Black "Ornstein, Axel"]
[Result "1-0"]
[WhiteElo "2600"]
[BlackElo "2343"]
[PlyCount "91"]
1. d4 g6 2. Nf3 Bg7 3. c4 c5 4. e4 Qa5+ 5. Nc3 d6 6. Be2 Bg4 7. d5 Bxf3 8. gxf3
Nd7 9. Bd2 Ngf6 10. f4 a6 11. Qc2 Qc7 12. Rg1 O-O-O 13. O-O-O Kb8 14. Kb1 Bh6
15. Qd3 Rhe8 16. Qh3 Bg7 17. f5 Bh8 18. Rde1 gxf5 19. exf5 Rg8 20. Rg3 Rde8 21.
f4 Qd8 22. Rg5 Rg7 23. Bd3 h6 24. Rg3 Rxg3 25. hxg3 h5 26. Be2 Bg7 27. Rh1 Rh8
28. Qf1 Qg8 29. Bf3 Bf8 30. Be1 Rh6 31. Qd3 Qh7 32. Kc2 Ng4 33. Nd1 Ndf6 34. a3
Nd7 35. Be4 Ndf6 36. Bf3 Nd7 37. Rg1 Bg7 38. Rg2 Ndf6 39. Re2 Ng8 40. b4 Bd4
41. Bc3 Qg7 42. bxc5 dxc5 43. Bxd4 cxd4 44. c5 Qf8 45. Kb1 Qc8 46. c6 1-0

[Event "Elit(Stockholms SS-Rockaden,Sthlm)"]
[Site "?"]
[Date "2017.10.22"]
[Round "3"]
[White "Hammer, Jon Ludvig"]
[Black "Seo, Jung Min"]
[Result "1-0"]
[WhiteElo "2632"]
[BlackElo "2433"]
[PlyCount "67"]
1. c4 Nf6 2. g3 e6 3. Bg2 d5 4. d4 Be7 5. Nf3 c6 6. O-O O-O 7. b3 b6 8. Bb2 Bb7
9. Nc3 dxc4 10. bxc4 c5 11. d5 exd5 12. Nh4 b5 13. Nxb5 Qd7 14. Qb3 dxc4 15.
Qxc4 Bxg2 16. Nxg2 Nc6 17. Rad1 Qg4 18. Nf4 Qf5 19. Nd6 Bxd6 20. Rxd6 Ne5 21.
Qc3 Rae8 22. f3 h5 23. e4 Qg5 24. Bc1 h4 25. Ng2 Qh5 26. Nxh4 Re6 27. Nf5 Rxd6
28. Nxd6 Rd8 29. Nf5 Nd3 30. Bh6 Ne8 31. Bxg7 c4 32. Bd4 Qg5 33. h4 Qh5 34.
Qxc4 1-0

[Event "Elit(Eksjo-Team Viking)"]
[Site "?"]
[Date "2017.10.22"]
[Round "3"]
[White "Vernersson, Per"]
[Black "Westerberg, Jonathan"]
[Result "0-1"]
[WhiteElo "2278"]
[BlackElo "2498"]
[PlyCount "142"]
[SourceDate "2017.10.30"]
1. d4 d5 2. c4 e6 3. Nc3 a6 4. cxd5 exd5 5. Bf4 c6 6. e3 Bd6 7. Bxd6 Qxd6 8.
Bd3 Ne7 9. Qc2 Bg4 10. Nge2 Bh5 11. O-O Bg6 12. Nf4 Nd7 13. Na4 O-O 14. Rfc1
Rab8 15. Rab1 Nc8 16. Nc5 Nf6 17. b4 Bxd3 18. Qxd3 Qe7 19. Qf5 Nd6 20. Qe5 Qd8
21. Nh5 Nfe8 22. a4 g6 23. Ng3 Ng7 24. e4 Re8 25. Qf4 dxe4 26. Ngxe4 Nxe4 27.
Nxe4 Nh5 28. Qf3 Qxd4 29. Nc5 Re7 30. g3 Rbe8 31. Rd1 Qf6 32. Qxf6 Nxf6 33. b5
axb5 34. axb5 Nd5 35. Rbc1 Nb4 36. bxc6 bxc6 37. Kg2 Re2 38. Nb3 Rb2 39. Nd4
Rd8 40. Kf3 Rd6 41. Kg2 h5 42. h4 c5 43. Rxc5 Nc2 44. Rxc2 Rxc2 45. Nxc2 Rxd1
46. Ne3 Rd2 47. Kf3 Kg7 48. Ng2 Kf6 49. Ne3 Ra2 50. Nd5+ Ke5 51. Nf4 Ra3+ 52.
Kg2 Kf5 53. Nh3 Rb3 54. Ng5 f6 55. Nf3 Rd3 56. Ng1 Ra3 57. Nf3 Ra4 58. Ng1 g5
59. hxg5 fxg5 60. Nf3 Rb4 61. Nh2 Ke4 62. Nf3 Rb5 63. Nh2 Kd3 64. Nf3 Rf5 65.
Ng1 g4 66. Kf1 Ra5 67. Kg2 Kd2 68. Kf1 Ra1+ 69. Kg2 Ke1 70. f3 Ra2+ 71. Kh1 Kf2
0-1

[Event "Elit(Limhamn-Upsala)"]
[Site "?"]
[Date "2017.10.22"]
[Round "3"]
[White "Lindgren, Philip"]
[Black "Johansson, Carl Fredrik"]
[Result "1-0"]
[WhiteElo "2380"]
[BlackElo "2217"]
[PlyCount "67"]
1. Nf3 Nf6 2. d4 g6 3. c4 Bg7 4. Nc3 O-O 5. Bg5 c5 6. d5 h6 7. Bh4 d6 8. e3 a6
9. Nd2 Nbd7 10. a4 Qa5 11. Be2 Re8 12. O-O e6 13. Qc2 e5 14. e4 Qc7 15. a5 b6
16. Nb3 Rb8 17. Ra3 Nf8 18. Rfa1 g5 19. Bg3 Nxe4 20. Nxe4 f5 21. axb6 Rxb6 22.
h4 fxe4 23. Bh5 Rd8 24. hxg5 hxg5 25. Nd2 Qb7 26. Nxe4 Rxb2 27. Qc1 Nh7 28. Rf3
g4 29. Rf7 Qb8 30. Bg6 Re2 31. Bxh7+ Kxf7 32. Qg5 Qb6 33. Bh4 Rd7 34. Qf5+ 1-0

[Event "Elit(Stockholms SS-Rockaden,Sthlm)"]
[Site "?"]
[Date "2017.10.22"]
[Round "3"]
[White "Hauge, Lars Oskar"]
[Black "Bator, Robert"]
[Result "1/2-1/2"]
[WhiteElo "2433"]
[BlackElo "2398"]
[PlyCount "203"]
1. d4 d5 2. c4 c6 3. cxd5 cxd5 4. Nc3 Nf6 5. f3 Qb6 6. e3 Nc6 7. Bd3 e5 8. Nge2
Bd6 9. O-O a6 10. Bc2 O-O 11. dxe5 Bxe5 12. Nxd5 Nxd5 13. Qxd5 Be6 14. Qe4 f5
15. Qa4 f4 16. Qe4 Bf5 17. Qc4+ Kh8 18. Bxf5 Rxf5 19. Qe4 Raf8 20. Kh1 fxe3 21.
Rb1 Qb5 22. Qxe3 Rh5 23. f4 Bb8 24. Bd2 Ba7 25. Qf3 Nd4 26. Nxd4 Bxd4 27. Bc3
Bf6 28. Bxf6 Rxf6 29. Rbc1 h6 30. Rc7 Rd5 31. h3 b6 32. Re1 Qd3 33. Qxd3 Rxd3
34. Re8+ Kh7 35. Ree7 Rg3 36. Kh2 Rgg6 37. g3 h5 38. h4 Rf5 39. Rcd7 Rc5 40.
Kh3 Rf5 41. Kg2 Rb5 42. Kf3 Kh6 43. Rd2 Rf6 44. Rdd7 Rg6 45. b3 Rc5 46. Rd3 a5
47. Re5 Rc2 48. f5 Rf6 49. Re6 Rxa2 50. Rdd6 Rxe6 51. Rxe6+ Kh7 52. Rxb6 a4 53.
Kf4 Rb2 54. Rb4 a3 55. Rb7 Rf2+ 56. Ke4 a2 57. Ra7 Rb2 58. f6 a1=Q 59. Rxa1
gxf6 60. Ra7+ Kg6 61. Rb7 Rg2 62. Kf3 Rb2 63. Rb5 Rb1 64. Rb8 Kf5 65. Rb5+ Kg6
66. Rb4 Rf1+ 67. Ke2 Rg1 68. Kf2 Rb1 69. g4 hxg4 70. Rxg4+ Kh5 71. Rb4 Rb2+ 72.
Kg3 Rb1 73. Rb5+ Kg6 74. h5+ Kg7 75. Kg4 Rf1 76. Rf5 Rg1+ 77. Kf4 Rb1 78. Rb5
Rf1+ 79. Ke4 Re1+ 80. Kd3 Rf1 81. b4 f5 82. Rb6 Rh1 83. h6+ Kh7 84. Kd4 f4 85.
Ke4 Rf1 86. b5 f3 87. Ke3 Kh8 88. Rf6 Rb1 89. b6 Rb3+ 90. Kd4 f2 91. Kc5 Rb2
92. Kc6 Kh7 93. Kc7 Rc2+ 94. Kd7 Rb2 95. Kc6 Rc2+ 96. Kb7 Rb2 97. Ka7 Ra2+ 98.
Kb8 Rb2 99. b7 Rc2 100. Ka7 Ra2+ 101. Kb6 Rb2+ 102. Ka7 1/2-1/2

[Event "Elit(Upsala-LASK)"]
[Site "?"]
[Date "2017.10.21"]
[Round "2"]
[White "Antonsen, Mikkel"]
[Black "Malm Lindberg, Henrik"]
[Result "1/2-1/2"]
[WhiteElo "2441"]
[BlackElo "2224"]
[PlyCount "107"]
1. d4 Nf6 2. c4 e6 3. Nc3 Bb4 4. Nf3 b6 5. Qc2 Bb7 6. a3 Bxc3+ 7. Qxc3 d6 8. g3
Nbd7 9. Bg2 c5 10. O-O Qc7 11. dxc5 Nxc5 12. b3 O-O 13. Bb2 Rac8 14. Rac1 Qe7
15. Ba1 Ne8 16. Rfd1 f5 17. b4 Ne4 18. Qb3 Kh8 19. Nd2 N8f6 20. Nxe4 Nxe4 21.
Qd3 Rcd8 22. f3 Nf6 23. Bd4 Kg8 24. Bf2 Rd7 25. a4 Rc8 26. b5 d5 27. cxd5 Rxc1
28. Rxc1 Nxd5 29. Qb3 Rc7 30. Rc4 Rxc4 31. Qxc4 Qc7 32. Qxc7 Nxc7 33. Bd4 Bd5
34. Be5 Ne8 35. e4 fxe4 36. fxe4 Bb3 37. Bf1 Bxa4 38. Bb8 Nf6 39. e5 Nd7 40.
Bd6 Kf7 41. Kf2 Bb3 42. Ke3 Bd5 43. h4 g6 44. Kf4 Kg7 45. g4 h6 46. Be2 Kf7 47.
g5 h5 48. Ke3 Kg7 49. Kd4 Kf7 50. Bd3 Kg7 51. Bc2 Kf7 52. Bd3 Kg7 53. Bc2 Kf7
54. Bd3 1/2-1/2

[Event "Elit(Rockaden,Sthlm-Limhamn)"]
[Site "?"]
[Date "2017.10.21"]
[Round "2"]
[White "Barkhagen, Jonas"]
[Black "Penalver, Osmani"]
[Result "1-0"]
[WhiteElo "2421"]
[BlackElo "2237"]
[PlyCount "69"]
[SourceDate "2017.10.28"]
1. d4 Nf6 2. c4 e6 3. Nf3 b6 4. e3 Bb7 5. Bd3 c5 6. Nc3 cxd4 7. exd4 d5 8. cxd5
Nxd5 9. Ne5 Bd6 10. Bb5+ Kf8 11. O-O Nxc3 12. bxc3 Qc7 13. Qh5 a6 14. Be2 Nc6
15. f4 Kg8 16. Bd2 g6 17. Qh3 Kg7 18. Rae1 h5 19. Bd3 Ne7 20. Nxf7 Kxf7 21.
Qxe6+ Kg7 22. f5 gxf5 23. Bf4 Bxf4 24. Qxe7+ Qxe7 25. Rxe7+ Kf6 26. Rxb7 Be3+
27. Kh1 f4 28. Rxb6+ Ke7 29. Rb7+ Kd8 30. Rfb1 Re8 31. Rh7 Bd2 32. Bg6 Rg8 33.
Rbb7 a5 34. Rhd7+ Kc8 35. Bf5 1-0

[Event "Elit(Rockaden,Sthlm-Limhamn)"]
[Site "?"]
[Date "2017.10.21"]
[Round "2"]
[White "Hedman, Erik"]
[Black "Eklund, Joel"]
[Result "1-0"]
[WhiteElo "2368"]
[BlackElo "2226"]
[PlyCount "69"]
1. d4 Nf6 2. c4 c5 3. d5 e6 4. Nc3 exd5 5. cxd5 d6 6. Nf3 g6 7. Bf4 a6 8. a4
Bg7 9. h3 O-O 10. e3 Qe7 11. Be2 Nbd7 12. O-O Ne8 13. Nd2 f5 14. Re1 Rb8 15.
Qb3 g5 16. Bh2 Qd8 17. a5 f4 18. exf4 gxf4 19. Ra4 b5 20. axb6 Rxb6 21. Qa3 Ne5
22. Rxf4 Rxf4 23. Bxf4 Rb4 24. Bg3 Nc7 25. Nde4 Bf5 26. Bxa6 Bxe4 27. Nxe4 Rxb2
28. Nxc5 dxc5 29. Bxe5 Bxe5 30. Rxe5 Rxf2 31. Qg3+ Kh8 32. Qxf2 Nxa6 33. Qf7
Nc7 34. Re7 Qxd5 35. Qg7# 1-0

[Event "Elit(Stockholms SS-Eksjo)"]
[Site "?"]
[Date "2017.10.21"]
[Round "2"]
[White "Gdanski, Jacek"]
[Black "Hauge, Lars Oskar"]
[Result "0-1"]
[WhiteElo "2474"]
[BlackElo "2433"]
[PlyCount "64"]
1. e4 c5 2. Nc3 a6 3. g3 b5 4. Bg2 Bb7 5. Nge2 e6 6. O-O d6 7. d4 cxd4 8. Nxd4
Be7 9. Re1 Qc7 10. a4 bxa4 11. Nxa4 Nf6 12. b3 Nc6 13. Bb2 O-O 14. c4 Rab8 15.
Nxc6 Bxc6 16. e5 Ne8 17. exd6 Nxd6 18. c5 Nf5 19. Be5 Qb7 20. Bxc6 Qxc6 21.
Bxb8 Rxb8 22. Qd3 Rb4 23. f3 Nd4 24. Kg2 Nxb3 25. Ra3 Nd4 26. Qe4 Qb5 27. Qa8+
Bf8 28. Nc3 Rb2+ 29. Kh1 Qxc5 30. Na4 Qxa3 31. Nxb2 Qxb2 32. Qxa6 Nxf3 0-1

[Event "Elit(Farsta-Kungstornet)"]
[Site "?"]
[Date "2017.10.21"]
[Round "2"]
[White "Cicak, Slavko"]
[Black "Ernst, Thomas"]
[Result "1/2-1/2"]
[WhiteElo "2512"]
[BlackElo "2371"]
[PlyCount "39"]
1. e4 e5 2. Nf3 Nc6 3. Bb5 a6 4. Ba4 Nf6 5. d3 d6 6. c3 Be7 7. Bg5 h6 8. Bh4
O-O 9. Nbd2 b5 10. Bb3 Na5 11. Bc2 c5 12. Nf1 Nc6 13. Ne3 Ng4 14. Bxe7 Nxe7 15.
Nxg4 Bxg4 16. h3 Be6 17. d4 Ng6 18. dxe5 dxe5 19. Qxd8 Rfxd8 20. g3 1/2-1/2

[Event "Elit(Malmo-Team Viking)"]
[Site "?"]
[Date "2017.10.21"]
[Round "2"]
[White "Goganov, Aleksey"]
[Black "Jobava, Baadur"]
[Result "0-1"]
[WhiteElo "2567"]
[BlackElo "2702"]
[PlyCount "66"]
1. d4 Nf6 2. c4 c6 3. Nc3 d5 4. e3 g6 5. Nf3 Bg7 6. Be2 Nbd7 7. cxd5 Nxd5 8. e4
Nc7 9. O-O O-O 10. Bg5 Nb6 11. h3 f5 12. exf5 Bxf5 13. Qd2 Ne6 14. Be3 Nd5 15.
Bh6 Bxh6 16. Qxh6 Qd6 17. Bc4 Qf4 18. Qxf4 Nexf4 19. Rfe1 e6 20. Ne5 Rad8 21.
g4 Bc2 22. Rac1 Nxc3 23. bxc3 Ba4 24. Bf1 Bb5 25. c4 Ba4 26. Re4 Kg7 27. f3 g5
28. Kf2 c5 29. dxc5 Rd2+ 30. Kg3 Rxa2 31. Rb1 Bc6 32. Rd4 h5 33. h4 Ng6 0-1

[Event "Elit(Stockholms SS-Eksjo)"]
[Site "?"]
[Date "2017.10.21"]
[Round "2"]
[White "Ertan, Can"]
[Black "Rasmussen, Allan Stig"]
[Result "0-1"]
[WhiteElo "2373"]
[BlackElo "2542"]
[PlyCount "68"]
1. e4 c6 2. d4 d5 3. e5 Bf5 4. Nf3 e6 5. Be2 Nd7 6. O-O h5 7. a4 Nh6 8. a5 Be7
9. Nbd2 g5 10. Nb3 g4 11. Ne1 f6 12. f4 Qc7 13. c4 Be4 14. Bd3 Bxd3 15. Qxd3
Nf5 16. Bd2 Rd8 17. Rc1 Nf8 18. Nc2 a6 19. Rfe1 Kf7 20. Bb4 Ng6 21. cxd5 Rxd5
22. Qe4 fxe5 23. fxe5 Rhd8 24. Rf1 Kg7 25. Bc5 Qd7 26. Kh1 Qe8 27. Nb4 Bxc5 28.
Rxc5 Rxc5 29. Nxc5 Rxd4 30. Qe1 Qe7 31. Qc3 Nf4 32. Nc2 Rd5 33. b4 Ne2 34. Qc4
Qh4 0-1

[Event "Elit(Farsta-Kungstornet)"]
[Site "?"]
[Date "2017.10.21"]
[Round "2"]
[White "Sammalvuo, Tapani"]
[Black "Aronsson, Marten"]
[Result "1/2-1/2"]
[WhiteElo "2419"]
[BlackElo "2328"]
[PlyCount "143"]
1. d4 d5 2. c4 c6 3. Nf3 Nf6 4. Nc3 dxc4 5. a4 Bf5 6. e3 e6 7. Bxc4 Bb4 8. O-O
O-O 9. Nh4 Bg6 10. Nxg6 hxg6 11. Qb3 Qe7 12. Rd1 a5 13. Qc2 Nbd7 14. h3 Rfd8
15. Bb3 Rac8 16. Na2 Bd6 17. Bd2 b6 18. Be1 g5 19. Qe2 e5 20. Qf3 c5 21. Bc3 g6
22. dxe5 Nxe5 23. Bxe5 Bxe5 24. Nc3 Kg7 25. Rxd8 Rxd8 26. Rd1 Bxc3 27. bxc3
Rxd1+ 28. Qxd1 Qe5 29. Qc2 g4 30. hxg4 Nxg4 31. g3 Qh5 32. Qd2 Qh2+ 33. Kf1
Qh1+ 34. Ke2 Qg2 35. Qe1 Ne5 36. Qd2 Ng4 37. Qe1 Nf6 38. Bc2 Qd5 39. Qd2 Qe5
40. Qd3 Qh5+ 41. Ke1 Qh1+ 42. Ke2 Qh5+ 43. Ke1 Qf3 44. Qe2 Qh1+ 45. Kd2 Qd5+
46. Ke1 Qh1+ 47. Kd2 Qd5+ 48. Ke1 Qa2 49. e4 Qe6 50. e5 Nd7 51. f4 Qh3 52. Kf2
Qh2+ 53. Kf3 Qh1+ 54. Ke3 Qc1+ 55. Kd3 Nf8 56. Bb3 Qb1+ 57. Kc4 Ne6 58. Qd3 Qg1
59. Bc2 Qg2 60. Bd1 Qb7 61. Kb3 Qg2 62. Ka3 Qg1 63. Kb2 Qf2+ 64. Ka3 Qg1 65.
Kb2 Qf2+ 66. Bc2 c4 67. Qd6 Nc5 68. Qf6+ Kg8 69. Qd8+ Kg7 70. Qf6+ Kg8 71. Qd8+
Kg7 72. Qf6+ 1/2-1/2

[Event "Elit(Malmo-Team Viking)"]
[Site "?"]
[Date "2017.10.21"]
[Round "2"]
[White "Grandelius, Nils"]
[Black "Berg, Emanuel"]
[Result "1-0"]
[WhiteElo "2653"]
[BlackElo "2559"]
[PlyCount "81"]
[SourceDate "2017.10.29"]
1. d4 Nf6 2. c4 e6 3. Nf3 b6 4. a3 Ba6 5. e3 c5 6. Nc3 cxd4 7. exd4 d6 8. d5 e5
9. Bd3 Be7 10. O-O O-O 11. b4 Nbd7 12. a4 Rc8 13. Nd2 e4 14. Be2 Ne5 15. Nb5
Qd7 16. Bb2 Ne8 17. Qb3 f5 18. Bxe5 dxe5 19. c5 Bg5 20. d6+ Kh8 21. Nc4 Qf7 22.
Rfd1 Nf6 23. d7 Nxd7 24. Nbd6 Qe7 25. Nxc8 Bxc8 26. Nd6 bxc5 27. Qd5 Nf6 28.
Qxc5 Bd7 29. Qxa7 f4 30. Nxe4 Nxe4 31. Rxd7 Qf6 32. Qa6 Qf5 33. Qd3 Qe6 34. Rb7
Nf6 35. Rd1 Qc8 36. Rb5 Re8 37. Rc5 Qe6 38. Qd6 Qf5 39. Bd3 Qg4 40. f3 Qh4 41.
Rxe5 1-0